[Event "Blankenburg op 17th"]
[Site "Blankenburg"]
[Date "2009.10.05"]
[Round "5"]
[White "Lau, Siegfried"]
[Black "Frotscher, Thomas"]
[Result "1-0"]
[WhiteElo "2100"]
[BlackElo "2217"]
[PlyCount "43"]
[EventDate "2009.10.02"]
[EventType "swiss"]
[EventRounds "7"]
[EventCountry "GER"]
[SourceTitle "CBM 132 Extra"]
[Source "ChessBase"]
[SourceDate "2009.11.03"]
[SourceVersion "1"]
[SourceVersionDate "2009.11.03"]
[SourceQuality "1"]

1. g3 c5 2. Bg2 Nc6 3. c4 g6 4. Nc3 Bg7 5. d3 d6 6. Bd2 Rb8 7. a3 a5 8. Rb1 e5 9. Nd5 Nce7 10. Qa4+ Bd7 11. Qxa5 b6 12. Qc3 Nxd5 13. Bxd5 Ne7 14. Bg2 0-0 15. Qc2 Bc6 16. e4 b5 17. Ne2 b4 18. axb4 cxb4 19. b3 Qb6 20. Ra1 f5 21. Be3 Qb7 22. Ra7 1-0

[Event "Bad Harzburg op"]
[Site "Bad Harzburg"]
[Date "2007.10.26"]
[Round "5"]
[White "Lau, Siegfried"]
[Black "Brouer, Pieter"]
[Result "1/2-1/2"]
[WhiteElo "2110"]
[BlackElo "1922"]
[PlyCount "96"]
[EventDate "2007.10.23"]
[EventType "swiss"]
[EventRounds "7"]
[EventCountry "GER"]
[SourceTitle "EXT 2009"]
[Source "ChessBase"]
[SourceDate "2008.11.26"]
[SourceVersion "1"]
[SourceVersionDate "2008.11.26"]
[SourceQuality "1"]

1. d4 g6 2. c4 Bg7 3. Nc3 c5 4. e3 d6 5. h3 Nc6 6. d5 Bxc3+ 7. bxc3 Ne5 8. f4 Nd7 9. Nf3 f5 10. Qa4 Qb6 11. Bd3 Qa6 12. Qc2 Ngf6 13. 0-0 Nb6 14. Rb1 Qa4 15. Rb3 Qd7 16. Bd2 Qc7 17. Be1 Bd7 18. Qe2 0-0-0 19. Bh4 Rde8 20. a4 Bxa4 21. Ra3 a6 22. Rb1 Bd7 23. Qb2 Na8 24. Qa2 h6 25. Rxa6 bxa6 26. Qxa6+ Kd8 27. Qxa8+ Bc8 28. Bc2 Nd7 29. Bg5 Nb6 30. Qa5 Nxd5 31. Qa3 Nxe3 32. Ba4 hxg5 33. Nxg5 e5 34. Bxe8 Rxe8 35. fxe5 Rxe5 36. Qa8 Re7 37. h4 Nxc4 38. Qd5 Ne5 39. Qg8+ Kd7 40. Nh7 Rxh7 41. Qxh7+ Kc6 42. Qg8 c4 43. Rd1 Qb6+ 44. Kh1 Bd7 45. Qa8+ Kc7 46. Qf8 Qb8 47. Qxd6+ Kc8 48. Qf8+ Kc7 1/2-1/2

[Event "Bad Harzburg op"]
[Site "Bad Harzburg"]
[Date "2007.10.24"]
[Round "2"]
[White "Bergmann, Reinhold"]
[Black "Lau, Siegfried"]
[Result "1-0"]
[WhiteElo "1965"]
[BlackElo "2110"]
[PlyCount "105"]
[EventDate "2007.10.23"]
[EventType "swiss"]
[EventRounds "7"]
[EventCountry "GER"]
[SourceTitle "EXT 2009"]
[Source "ChessBase"]
[SourceDate "2008.11.26"]
[SourceVersion "1"]
[SourceVersionDate "2008.11.26"]
[SourceQuality "1"]

1. e4 e6 2. d4 d5 3. Nd2 Nf6 4. e5 Nfd7 5. Bd3 c5 6. c3 Nc6 7. Ne2 Qb6 8. Nf3 cxd4 9. cxd4 Be7 10. 0-0 h6 11. Re1 g5 12. h3 Rg8 13. g4 Nf8 14. Kh2 Bd7 15. a3 Ng6 16. Bxg6 Rxg6 17. Qd3 a5 18. Be3 a4 19. Nc3 Na5 20. Nd2 Bc6 21. Rac1 Kd7 22. Qc2 Nb3 23. Nxb3 axb3 24. Qd3 Rh8 25. Rh1 h5 26. Kg3 Rgh6 27. f3 f6 28. exf6 Bxf6 29. Qd2 hxg4 30. fxg4 Qd8 31. Rcf1 Qg8 32. Qd3 Be7 33. Ne2 Bd6+ 34. Kf2 Rxh3 35. Rxh3 Rxh3 36. Ng1 Rg3 37. Qe2 Qh7 38. Ke1 Qb1+ 39. Kf2 Qe4 40. Nf3 Rxg4 41. Rh1 Bf4 42. Rh3 Bxe3+ 43. Qxe3 Rg2+ 44. Kxg2 Qxe3 45. Ne5+ Qxe5 46. dxe5 d4+ 47. Kf2 Bd5 48. Rd3 Kc6 49. Rxd4 Kc5 50. Ke3 Bc6 51. Rg4 Kd5 52. Rxg5 Bd7 53. Kf4 1-0

[Event "Bayern-chI Bank Hofmann 2nd"]
[Site "Bad Wiessee"]
[Date "1998.11.29"]
[Round "2"]
[White "Lau, Siegfried"]
[Black "Jonkman, Harmen"]
[Result "0-1"]
[WhiteElo "2075"]
[BlackElo "2310"]
[PlyCount "86"]
[EventDate "1998.11.28"]
[EventType "swiss"]
[EventRounds "9"]
[EventCountry "GER"]
[SourceTitle "EXT 2001"]
[Source "ChessBase"]
[SourceDate "2000.11.22"]
[SourceVersion "1"]
[SourceVersionDate "2000.11.22"]
[SourceQuality "1"]

1. d4 d5 2. Nf3 Nf6 3. Bf4 c5 4. e3 Nc6 5. c3 Qb6 6. Qb3 c4 7. Qxb6 axb6 8. Nbd2 Bf5 9. Ne5 e6 10. f3 h6 11. g4 Bh7 12. h4 b5 13. Nxc6 bxc6 14. Bg2 b4 15. cxb4 Bxb4 16. Be5 c3 17. bxc3 Bxc3 18. Ke2 Bxa1 19. Rxa1 Bc2 20. a3 Ke7 21. e4 Ra7 22. g5 hxg5 23. hxg5 Nh5 24. Rc1 Ba4 25. Rc3 Rha8 26. Ke3 Bb5 27. Nb1 Bc4 28. Kd2 Ba2 29. Rc1 Rb7 30. Nc3 Rxa3 31. Bf1 Rb2+ 32. Rc2 Rxc2+ 33. Kxc2 Bc4 34. Bxc4 dxc4 35. d5 exd5 36. exd5 cxd5 37. Nxd5+ Ke6 38. Nb6 Rxf3 39. Nxc4 Kf5 40. Kd2 Kxg5 41. Ke2 Rb3 42. Ne3 Nf4+ 43. Kf3 Nd5 0-1